Statystyki dla Czy zgadniesz supermarket po opisie jego loga?

Kliknij tutaj aby rozwiązać quiz!

Ogólne statystyki

  • Ten quiz został rozwiązany 527 razy
  • Średni wynik to 3 z 8

Statystyki odpowiedzi

OpisSupermarket% Poprawnych
Logo przedstawia niebieski kwadrat, w którym jest żółte koło z czerwoną obramówką.Lidl
83%
Logo przedstawia czerwonego ptaka z samogłoską.Auchan
81%
Logo przedstawia literę "K" ułożoną z 2 kwadratów i 2 trójkątów.Kaufland
61%
Logo przedstawia nazwę firmy, pod którą jest 5 rombów.Tesco
20%
Logo przedstawia nazwę firmy, pod którą jest uśmiech.Żabka
19%
Logo przedstawia literę "L" która znajduje się w niebieskim kole, a przy tej literce jest kolejne żółte koło.E. Leclerc
12%
Logo przedstawia biały widelec na czerwonym tle.Selgros
8%
Logo przedstawia nazwę firmy, gdzie w literce "O" jest jeleń.Rossmann
6%

Rozkład punktacji

Percentyl według liczby udzielonych odpowiedzi

Procent ludzi z każdym wynikiem

Twoja historia wyników

Nie rozwiązałeś tego quizu